| 000 | 00543nam a22001577a 4500 | ||
|---|---|---|---|
| 008 | 240806b ||||| |||| 00| 0 eng d | ||
| 020 | _a9780061913563 | ||
| 050 |
_a BV4501.3 _b.M67 2011 |
||
| 100 | _aMorris, Jonathan, | ||
| 245 |
_aGod wants you happy : _bfrom self-help to God's help / |
||
| 250 | _a1st ed. | ||
| 260 |
_aNew York, NY : _bHarperOne, _cc2011. |
||
| 300 |
_a211 p. ; _c24 cm. |
||
| 650 |
_aSpirituality, Christianity and other religions _xNew Age movement. Happiness _xChristianity. _xReligious aspects |
||
| 942 |
_2lcc _cBK |
||
| 999 |
_c59367 _d59367 |
||